| 000 | 00696cam a2200229 4500 | ||
|---|---|---|---|
| 001 | ABS62041 | ||
| 008 | 000000n2000 000 0 eng u | ||
| 035 | _a(Sirsi) u104881 | ||
| 100 | _aEade, C. | ||
| 245 | _aCommercial break | ||
| 260 | _c2000 | ||
| 490 |
_aProperty Week _v65(11) 17 March 2000, 60-61(2) |
||
| 520 | _aDescribes the gains to be made by regional residential estate agents when national agents close provincial offices. | ||
| 590 | _aABS | ||
| 650 | _aESTATE AGENTS | ||
| 650 | _aRESIDENTIAL AGENTS | ||
| 650 | _aREGIONS | ||
| 650 | _aPROPERTY-COMMERCIAL PROPERTY | ||
| 650 |
_aRESIDENTIAL PROPERTY _96266 |
||
| 690 | _aMANAGEMENT-BUSINESS MANAGEMENT | ||
| 942 | _n0 | ||
| 999 |
_c62914 _d62914 |
||